Communitas: origen y destino de la comunidad

Guardat en:
Dades bibliogràfiques
Autor principal: Esposito, Roberto (Autor)
Format: Llibre
Idioma:espanyol
Publicat: Buenos Aires Amorrortú Editores 2003
Edició:1a. ed
Matèries:
Etiquetes: Afegir etiqueta
Sense etiquetes, Sigues el primer a etiquetar aquest registre!

MARC

LEADER 00000cam a2200000 a 4500
001 UCF9039
003 CL-VaPUC
008 131018e20030000ag |||||||||||||||||spa|d
020 |a 9789505187140 
082 0 4 |a 320.01  |b ESP  |2 21 
100 0 |a Esposito, Roberto  |e author  |9 571202 
245 1 0 |a Communitas: origen y destino de la comunidad 
250 |a 1a. ed 
300 |a 214 p 
942 |c BK 
945 |d 20131018 14:00:00  |a dcastane 
260 |a Buenos Aires  |b Amorrortú Editores  |c 2003 
650 7 |a FILOSOFIA POLITICA  |2 CL-VaPUC  |9 571203 
650 0 |a Poder político  |9 255509 
650 0 |a Etica política   |9 255799 
650 0 |a Soberanía  |9 266726 
583 |a last modification  |c 20131018 14:00:00  |k Rodrigo Vera 
999 |c 353524  |d 353522 
952 |0 0  |1 0  |3 erb  |4 0  |6 320_010000000000000_ESP_2003  |7 0  |8 A  |9 458838  |a BIBEDU  |b BIBEDU  |d 2019-11-23  |i 5019273  |o 320.01 ESP 2003  |p 5019273  |r 2019-11-23  |w 2019-11-23  |y BK  |z Catalogado en:20131018  |k PSI